Statistics for US Multi-State Urban Areas

Click here to take the quiz!

General Stats

  • This quiz has been taken 64 times
  • The average score is 12 of 13

Answer Stats

HintAnswer% Correct
Illinois, Indiana, WisconsinChicago
98%
District of Columbia, Virginia, MarylandWashington
98%
Massachusetts, New Hampshire, Rhode IslandBoston
96%
Ohio, Kentucky, IndianaCincinnati
96%
Missouri, KansasKansas City
96%
Minnesota, WisconsinMinneapolis
96%
New York, New Jersey, ConnecticutNew York
96%
North Carolina, South CarolinaCharlotte
94%
Tennessee, Mississippi, ArkansasMemphis
94%
Pennsylvania, New Jersey, Delaware, MarylandPhiladelphia
94%
Oregon, WashingtonPortland
94%
Rhode Island, MassachusettsProvidence
94%
Kentucky, IndianaLouisville/
Jefferson Country
93%

Score Distribution

Percentile by Number Answered

Percent of People with Each Score

Your Score History

You have not taken this quiz